01407nam a22003254a 4500001001200000003000800012006001900020007001500039008004100054010001700095020002800112040002100140035002000161050002700181082001500208100002600223245012700249260004300376300002500419490007400444504006400518533015200582650002500734650003900759650004000798655002900838710001700867830007100884856012600955ebr10048307CaPaEBRm u cr cn|||||||||000629s2000 maua sb 001 0 eng  z 00057836  z0792379454 (alk. paper) aCaPaEBRcCaPaEBR a(OCoLC)7074332614aQA76.9.D3bM398 2000eb04a005.742211 aMcNutt, Bruce,d1951-14aThe fractal structure of data referenceh[electronic resource] :bapplications to the memory hierarchy /cby Bruce McNutt. aBoston, MA :bKluwer Academic,cc2000. axvii, 132 p. :bill.1 aThe Kluwer international series on advances in database systems ;v22 aIncludes bibliographical references (p. 127-130) and index. aElectronic reproduction.bPalo Alto, Calif. :cebrary,d2013.nAvailable via World Wide Web.nAccess may be limited to ebrary affiliated libraries. 0aDatabase management. 0aData structures (Computer science) 0aMemory hierarchy (Computer science) 7aElectronic books.2local2 aebrary, Inc. 0aKluwer international series on advances in database systems ;v22.40uhttp://site.ebrary.com/lib/rucke/Doc?id=10048307zAn electronic book accessible through the World Wide Web; click to view